Das Mittelschulwesen in der Tschechoslowakei : zur Information für alle Freunde der Mittelschule und zur Vorbereitung für Kandidaten des Lehramtes an Mittelschulen /

Hlavní autor: Neuhöfer, Rudolf, 1876-1945
Další autoři: Donath, Oskar, 1882-1940
Jazyk: Němčina
Vydáno: Prag : Staatliche Verlagsanstalt, 1932
Fyzický popis: 71 stran ; 22 cm
Knihy
Uloženo v:
LEADER 01173nam a22003017i 4500
001 001878326
003 CZ BrMZK
005 20260212155416.0
007 ta
008 231204s1932 xr er|||||||||||ger
015 |a cnb000554814 
035 |a (OCoLC)3788514 
040 |a ABA001  |b cze  |c PNA001  |d ABA001  |d BOA001  |e rda 
041 1 |a ger  |h cze 
100 1 |a Neuhöfer, Rudolf,  |d 1876-1945  |7 jk01090031  |4 aut 
245 1 4 |a Das Mittelschulwesen in der Tschechoslowakei :  |b zur Information für alle Freunde der Mittelschule und zur Vorbereitung für Kandidaten des Lehramtes an Mittelschulen /  |c Rudolf Neuhöfer ; autorisierte Übersetzung von Oskar Donath 
264 1 |a Prag :  |b Staatliche Verlagsanstalt,  |c 1932 
300 |a 71 stran ;  |c 22 cm 
336 |a text  |b txt  |2 rdacontent 
337 |a bez média  |b n  |2 rdamedia 
338 |a svazek  |b nc  |2 rdacarrier 
500 |a Přeloženo z češtiny? 
504 |a Obsahuje bibliografické odkazy a rejstřík 
700 1 |a Donath, Oskar,  |d 1882-1940  |7 jk01022720  |4 trl 
910 |a BOA001  |b 2-0142.390 
990 |a BK 
991 |b 202602 
996 6 |b 2618731295  |c 2-0142.390  |l MZK  |r Sklad / do 24 hodin  |n 1  |w 001946074  |u 000010  |a 1  |e BOA001  |j MZK50  |s P